| 000 | 00853nam a2200205Ii 4500 | ||
|---|---|---|---|
| 003 | JO-AjNU | ||
| 008 | 230605s9999||||xx |||||||||||||| ||und|| | ||
| 040 |
_aJO-AjNU _bara _erda _cJO-AjNU |
||
| 041 | _aara | ||
| 050 | 1 | 4 | _aG69.S8864.I5264 1988 |
| 100 | 3 |
_aتاليف رؤوف، عماد عبد السلام, _eauthor _919864 |
|
| 245 | 0 | 0 | _aعبدالله السويدي: سيرته ورحلته |
| 264 | 3 | 1 | _aبغداد: دار الشؤون الثقافية العامة، 1988 |
| 300 | _a151ص | ||
| 336 |
_atext _btxt _2rdacontent |
||
| 337 |
_aunmediated _bn _2rdamedia |
||
| 338 |
_avolume _bnc _2rdacarrier |
||
| 490 | 0 | _aسلسلة نوابع الفكر العربي | |
| 650 | 4 |
_aالمؤرخيون العراقيون- تراجم المسلمون-تراجم السويدي عبدالله بن حسيم بن مرعي 1104-1174 هجري _919865 |
|
| 999 |
_aA6630 _c10198 _d10198 |
||